[Event "Mondariz zt 1.1"]
[Site "Mondariz"]
[Date "2000.09.06"]
[Round "4"]
[White "Hauchard, Arnaud"]
[Black "Conquest, Stuart"]
[Result "1-0"]
[WhiteElo "2539"]
[BlackElo "2529"]
[Annotator "Ribli,Z"]
[PlyCount "105"]
[EventDate "2000.09.03"]
[EventType "swiss"]
[EventRounds "11"]
[EventCountry "ESP"]
[SourceTitle "CBM 079"]
[Source "ChessBase"]
[SourceDate "2000.11.21"]
[SourceVersion "1"]
[SourceVersionDate "2000.11.21"]
[SourceQuality "1"]

1. c4 e5 2. g3 Nf6 3. Bg2 c6 {Diese im Prinzip sehr logische, weil gegen den
Bg2 gerichtete Spielweise ist in letzter Zeit sehr populär.} 4. Nf3 {Diese
Fortsetzung erscheint mir natürlicher als der Zug 4.d4, wonach die weiße Dame 
(nach 4...exd4 5.Qxd4) exponiert im Zentrum steht.} (4. d4) 4... e4 5. Nd4 d5
6. cxd5 Bc5 (6... cxd5 7. O-O Bc5 8. Nb3 Bb6 9. d3 Bf5 (9... O-O 10. Nc3 Bf5
11. dxe4 dxe4 12. Qxd8 Rxd8 13. Bg5 Nbd7 14. Na4 h6 15. Nxb6 axb6 16. Bxf6 Nxf6
17. e3 Rd3 18. Nd4 Bd7 {0-1 Njirjak,J-Janahi,Z/Bratislava 1993/TD (44)}) 10.
dxe4 dxe4 11. Qxd8+ Bxd8 12. Nc3 Nbd7 13. Nb5 O-O 14. Nd6 Bg6 15. Nxb7 Bb6 16.
Nd6 Nc5 17. Nxc5 Bxc5 18. Bf4 Bd4 19. Rab1 Rad8 20. e3 {1-0 Peyrat,
O-Kesmaecker,P/FRA-chT 1992/EXT 97 (58)}) (6... Qxd5) 7. Nb3 Bb6 8. Nc3 cxd5 9.
d3 {Weiß beginnt sofort mit aktivem Spiel gegen das schwarze Bauernzentrum.} (
9. O-O Bf5 10. d3 h6 11. a4 Nc6 12. a5 Bc7 13. a6 bxa6 14. dxe4 dxe4 15. Ra4
O-O 16. Qxd8 Raxd8 17. Rc4 Na5 18. Nxa5 Bxa5 19. Nxe4 Nxe4 20. Bxe4 Bxe4 21.
Rxe4 Bd2 22. Rc4 Bxc1 23. Rfxc1 Rd2 24. R1c2 {1-0 Greanias,S-Lu,Y/Washington
DC 1997/EXT 98 (40)}) 9... O-O $5 {[%mdl 512] Schwarz opfert einen Bauern und
möchte die Entwicklung schnell abschließen.} (9... Bf5 10. O-O h6 (10... e3 11.
Bxe3 Bxe3 12. fxe3 Bg6 13. Rxf6 gxf6 14. Nxd5 $16) 11. dxe4 Bxe4 12. Nxe4 dxe4
13. Qxd8+ Kxd8 14. Bf4 Nbd7 15. Rad1 Re8 16. Nd4 g5 17. Bd6 Bxd4 18. Rxd4 Re6
19. f3 exf3 20. exf3 Rc8 21. f4 Rc2 22. Rfd1 Rxb2 23. Bf1 Ke8 24. Bc4 Re4 25.
Rxe4+ Nxe4 26. Re1 f5 27. Ba3 Rb6 28. g4 {1-0 Keskisarja,T-Kokkila,T/Vantaa
1998/EXT 99 (42)}) (9... Ng4 10. e3 $14) 10. dxe4 {Dieser Zug ist zwar
konsequent, aber ich bin mir keineswegs sicher, ob es auch die beste
Fortsetzung für Weiß ist.} (10. O-O $14) 10... Nxe4 11. Nxe4 dxe4 12. Qxd8 Rxd8
13. Bxe4 {Weiß hat einen Bauern mehr, doch Schwarz erfreut sich aktiven
Figurenspiels - der Nb3 steht unglücklich.} Re8 $44 (13... Nc6 14. O-O $14 Re8
$44) 14. Bg2 (14. Bf3 Nc6) 14... Nc6 15. Bxc6 {Weiß gibt das Läuferpaar auf,
unterbindet damit aber Motive mit Nb4.} (15. e3 Be6 $44) 15... bxc6 16. Bd2 {
[%csl Gc3][%cal Gd2c3] Weiß legt sich noch nicht auf die weitere Entwicklung
seines Königsflügels fest, sondern möchte zuerst den Läufer auf c3 platzieren.
Gleichzeitig bereitet er die eventuelle lange Rochade vor.} c5 {[%cal Gc8b7,
Gb7h1,Gc5c4] Schwarz öffnet die große weiße Diagonale.} (16... Ba6 17. e3 $14)
17. Bc3 Bb7 (17... c4 18. Nd4 $14) 18. Rg1 (18. f3 $2 Bxf3 $17) 18... a5 $6 (
18... Bf3 $5 19. e3 Rad8 20. Nd2 Bg4 $44) 19. Nd2 $14 Bc7 (19... Ba6 20. e3 $14
) 20. h4 (20. f3 $14) 20... a4 21. a3 (21. f3 a3 22. b3 Re3 $36) 21... f6 22.
f3 Ba6 (22... Rad8 23. Rd1 $14) 23. Rg2 (23. e4 f5 24. Kf2) 23... Re7 (23...
Rad8) 24. Ne4 Bb7 25. O-O-O $1 {Weiß gibt Material zurück und gelangt in ein
vorteilhaftes Endspiel.} (25. Nd2 Rae8 (25... Ba6)) (25. Nxc5 $2 Bxf3 $19)
25... Bxe4 26. fxe4 Rxe4 27. Rd7 {[%csl Gd7]} Rc8 28. g4 $36 {[%cal Rg4g5,
Gd7g7,Gc3g7,Gg2g7] Endlich befindet sich der weiße König in Sicherheit. Es
droht jetzt 29.g5 mit direktem Angriff.} Bf4+ $6 {Dieser Zug hilft nur dem
Gegner - Weiß kann seinen König aktivieren.} (28... Be5 $5) 29. Kc2 Rc7 $6 (
29... Rce8 $5) 30. Rxc7 Bxc7 31. Kd3 {[%csl Gc3,Gd3][%mdl 4096]} Rf4 (31... Re8
32. Kc4 $14 {[%csl Ra4,Gc4,Rc5]}) 32. e3 c4+ (32... Rf1 33. Kc4 $14) 33. Ke2
Re4 34. Kf3 Re7 35. Rc2 $1 {[%csl Ra4,Rc4] Nun zeigt sich die Schwäche der
schwarzen Bauern am Damenflügel.} (35. Rd2 $14) 35... Bb6 (35... Re6 36. Bd4
Rc6 37. Ke4 $16 {[%csl Ge4]}) 36. Bd4 Bxd4 37. exd4 Rc7 38. Ke4 $16 {[%csl Gd4,
Ge4] Weiß hat einen aktiven König und einen gefährlichen Freibauern auf der
d-Linie.} h5 {Schwarz opfert vorübergehend einen Bauern, um das Spiel zu
verkomplizieren.} (38... Kf7 39. Kd5 $16) 39. gxh5 Rb7 40. Kd5 (40. d5 $16) (
40. Rxc4 Rxb2 41. Rxa4 $16) 40... Rb5+ 41. Kc6 Rxh5 42. d5 {[%csl Gc6,Gd5]
[%cal Rd5d6]} (42. Rxc4 Rxh4 43. Rxa4 g5) 42... Rxh4 43. d6 Kf7 44. d7 Rd4 (
44... Ke7 45. Re2+ $18) 45. Kc7 g5 46. d8=Q $18 Rxd8 47. Kxd8 f5 48. Kd7 {
In solchen Endspielen muss man den König immer aktivieren.} f4 49. Kd6 Kf6 50.
Kd5 Kf5 51. Rxc4 f3 (51... g4 52. Rxa4 f3 (52... g3 53. Ra8 f3 54. Rf8+ Kg4 55.
Ke4 $18) 53. Ra8 Kf4 54. Kd4 Kg3 55. Ke3 $18) (51... Kg4 52. Ke4 $18) 52. Rc8
Kf4 53. Kd4 (53. Kd4 g4 54. Rf8+ Kg3 55. Ke3 $18) 1-0

[Event "Tilburg Fontys"]
[Site "Tilburg"]
[Date "1998.11.03"]
[Round "10"]
[White "Topalov, Veselin"]
[Black "Van Wely, Loek"]
[Result "1/2-1/2"]
[WhiteElo "2700"]
[BlackElo "2635"]
[Annotator "Ribli,Z"]
[PlyCount "154"]
[EventDate "1998.10.23"]
[EventType "tourn"]
[EventRounds "11"]
[EventCountry "NED"]
[EventCategory "18"]
[SourceTitle "EXT 1999"]
[Source "ChessBase"]
[SourceDate "1998.11.16"]
[SourceVersion "1"]
[SourceVersionDate "1998.11.16"]
[SourceQuality "1"]

1. c4 e5 2. g3 Nf6 3. Bg2 c6 4. d4 (4. Nc3 $6 d5 {[%csl Rc3]}) 4... Bb4+ (4...
exd4 5. Qxd4 d5 6. cxd5 cxd5 7. Nf3 Nc6 {Das ist die andere Hauptvariante.
Schwarz hat lebendiges Figurenspiel für seinen isolierten Damenbauern. Ribli.})
5. Bd2 Bxd2+ 6. Qxd2 d6 {Die Stellung ähnelt der Bogoindischen Verteidigung
nach 1.d4 Nf6 2.c4 e6 3.Nf3 Bb4 4.Bd2. Schwarz tauschte den schwarzfeldrigen
Läufer, hat eine etwas passive, aber feste Stellung.} (6... e4 7. Nc3 d5 8.
cxd5 cxd5 9. f3 exf3 10. exf3 O-O 11. Nge2 Nc6 12. O-O h6 $10 {Panno,O-Nikolic,
P/Buenos Aires/1992/}) 7. Nc3 O-O 8. e3 (8. e4 a6 $5 {Das ist ein Abwartezug.
Schwarz wartet auf 9.Nf3, denn er will 9...Bg4 ziehen und den Läufer
abtauschen.} 9. Nf3 Bg4 10. O-O Bxf3 11. Bxf3 Nbd7 12. Rfd1 b5 13. cxb5 axb5
14. a3 Qb6 15. b4 $14 {Khalifman,A-Rublevsky,S/Russia (ch) 1996/Inf 68/
[Gurevich,M] (15)}) 8... exd4 {Schwarz gibt das Zentrum freiwillig auf. Es
scheint, der d6-Bauer sei schwach, aber diese einzige Schwäche hat Schwarz im
Griff.} (8... Be6 $5 $146 9. b3 (9. d5 cxd5 10. cxd5 Bd7 11. Nge2 Na6 12. O-O
b5 13. Rfc1 Qb6 14. Nd1 b4 15. b3 Nc5 16. Nb2 a5 17. Nc4 Qa6 18. f4 {1/2-1/2
Foisor,C-Puljek Salai,Z/Medulin 1997/EXT 99 (36)}) 9... exd4 10. exd4 d5 11. c5
Re8 12. Nge2 Qc8 13. O-O Bh3 14. f3 Bxg2 15. Kxg2 b6 16. cxb6 axb6 17. Nf4 Nbd7
$11 {Lobron,E-Huzman,A/Budapest 1996/Inf 68 (17)}) (8... Re8 9. Nge2 e4 10. Rc1
d5 11. b3 Na6 12. cxd5 cxd5 13. Nf4 Nc7 14. O-O Ne6 15. Nxe6 Bxe6 16. Rc2 Qd7
17. Rfc1 Rec8 18. Na4 b6 19. Bf1 Bh3 20. Ba6 Rxc2 21. Rxc2 Qf5 22. Be2 h5 {
0-1 Ruck,R-Beim,V/Oberwart 1997/EXT 99 (39)}) 9. Qxd4 {[%csl Rd6]} Qb6 {
[%cal Rb6b2,Gb6d4]} 10. Qxb6 {Jetzt bekommt Schwarz eine starke Bauernmasse am
Damenflügel, aber seine Bauern auf b6 und d6 bleiben etwas schwach.} (10. O-O-O
$5 Be6 11. Nf3 $14) 10... axb6 11. Nge2 (11. Rd1 Rd8 12. Nge2 Be6 13. b3 Na6
$11) 11... Nbd7 12. Rd1 Ne5 {[%csl Ge5]} 13. b3 (13. Rxd6 $2 Nxc4 $17 {[%cal
Rc4b2,Rc4d6]}) 13... Rd8 14. h3 {Weiß bereitet den Raumgewinnungszug 15.f4 vor.
} (14. f4 Neg4 $132 {[%csl Re3][%cal Rg4e3]}) 14... Kf8 {[%cal Gf8e7] Der
König strebt nach e7, um den Bauern d6 zu verteidigen.} 15. f4 Ng6 16. Kf2 Ke7
17. Rd2 $14 {[%cal Gh1d1] Weiß hat freie Hand, denn er kontrolliert mehr Raum.
Trotzdem kann Schwarz die Stellung gut verteidigen.} Nd7 {[%cal Gd7c5]} 18.
Rhd1 Nc5 {[%csl Gc5] Der schwarze Springer provoziert Weiß zu b3-b4, aber in
diesem Fall bekommt Schwarz Gegenchancen.} 19. g4 {Weiß ist konsequent und
spielt nicht e3-e4. Er hält sich so die Möglichkeit zu Ne4 offen und schließt
sich nicht die Diagonale seines Läufers.} f6 {Ein guter prophylaktischer Zug.
Schwarz verteidigt sich gegen den thematischen Plan g4-g5 / Kf2-g3 / h3-h4.}
20. Ne4 Nxe4+ 21. Bxe4 Nf8 22. Nc3 {[%cal Gc3a4,Ga4b6]} Be6 23. Bf3 g6 (23...
f5 $6 24. g5 $14 {Und Weiß läßt e3-e4 folgen.} (24. Kg3 $14)) 24. h4 {[%cal
Gg4g5] Weiß plant 25.g5. Er gewinnt so weiteren Raum und im Falle von 25...
fxg5?! kann er 26.hxg5 spielen. Der schwarze Bauer h7 wird dann schwach.} h6 (
24... Ra3 $2 25. Ne4 {[%csl Rd6]} d5 26. Nc3 {[%csl Rd5][%cal Gd1d8]}) 25. Kg3
Bf7 26. Bg2 Rd7 27. Bh3 (27. Na4 $5 {[%cal Ra4b6,Rb6d7,Rb6a8]} Rxa4 (27... Ra6
28. Bf1 {[%cal Gf1a6,Rc4c5] Und Weiß droht 29.c5.} c5 29. Nc3 $16) 28. bxa4
Bxc4 29. Rb1 b5 30. axb5 Bxb5 31. Rb4 $14) 27... Ne6 28. Ne4 Rad8 (28... d5 $2
29. Nc3 Nc7 30. g5 f5 31. e4 $16 {[%csl Rd7][%cal Gd1d7,Gh3d7]}) 29. Nc3 {
[%csl Rb6][%cal Rc3a4,Ra4b6] Weiß droht 30.Na4.} Ra8 30. Bg2 (30. Na4 Ra6 31.
Bf1 Nc5 32. Nc3 $14 (32. Nxc5 bxc5 $11)) 30... Nc5 31. Bf3 Rdd8 {Schwarz
spielt seine unbequeme Stellung gut. Er strebt nicht nach z.B. ...g6-g5,
sondern wartet ab.} 32. Ne2 Ra3 {[%cal Gd8a8,Ga8a2]} 33. h5 gxh5 (33... Rda8 $2
34. hxg6 Bxg6 35. Nc3 {[%csl Rh6][%cal Rd2h2,Rd1h1,Rh1h6]}) 34. gxh5 f5 35. Kh4
{[%cal Ge2g3] Der weiße König steht auf h4 gut. Er verteidigt den h5-Bauern
und bereitet den Springerzug Ng3 vor.} Ne6 36. Ng3 Ng7 37. Re1 {[%csl Re7]
[%cal Ge1e7]} Kf8 (37... Rda8 38. Ree2) 38. Bg2 Rda8 39. Ree2 (39. Rxd6 Rxa2
40. Bh3 Be6 41. e4 Ke7 $11) 39... Be6 (39... Ke7 $6 40. e4 {[%cal Ge2e7]} fxe4
41. Bxe4 $16) 40. Bh3 Rd8 (40... Kf7 41. e4 fxe4 42. Nxe4 {[%cal Re4d6,Rd6f7]})
41. e4 fxe4 42. Bxe6 Nxe6 43. Nxe4 {[%csl Rd6,Ge4,Rf8][%cal Re4d6]} Ng7 {
[%cal Gg7f5,Gf5d6,Gf5h4]} (43... d5 44. cxd5 Rxd5 45. Rxd5 cxd5 46. Nc3 Nc7 47.
Rd2 $14) 44. Kg4 {Weiß vermeidet Motive mit ...Nf5+.} Ne8 45. c5 $6 {Es ist
interessant, daß Weiß den b6-Bauern tauscht. Meines Erachtens wäre es besser,
den f-Bauern vorzurücken.} (45. f5 $5 Kf7 46. Kf4 $14) 45... bxc5 46. Nxc5 {
[%cal Rc5e6,Re6f8,Re6d8,Rc5b7]} Kf7 $11 47. Kf3 (47. Nxb7 Rd7 {[%csl Rb7]} 48.
Rxe8 (48. Nc5 $2 Nf6+ {[%cal Rf6g4,Gf6d7]} 49. Kf5 dxc5 $19) 48... Kxe8 49.
Nxd6+ Kf8 $11 {Weiß hat zwei Bauern für die Qualität, steht aber nicht besser.}
) 47... Rb8 48. Ne4 Rd8 (48... d5 $5 $11) 49. Nc5 Rb8 50. Nd7 $5 {Weiß weicht
der Stellungswiederholung aus, denn er besitzt die aktivere Stellung.} Rba8 (
50... Rd8 51. Ne5+ Kf8 (51... Kf6 52. Ng4+ {[%cal Rg4f6,Rg4h6]} Kg7 53. Re7+
$16) 52. Ng6+ $16 {[%cal Re2e7,Re7b7]}) 51. Nb6 Rd8 (51... R8a6 $2 52. Nc4 {
[%csl Ra3][%cal Rc4a3]}) 52. Nc4 $14 Raa8 53. Rg2 {[%cal Rg2g6,Rg6h6,Rg6d6]} b5
$8 (53... d5 54. Ne5+ $14 {[%csl Ge5]}) 54. Ne3 Ng7 55. Rg6 (55. Ng4 $5 {
[%cal Rg4h6]} Nf5 (55... Nxh5 56. Nxh6+ Kf6 57. f5 {[%csl Rf6][%cal Rg2g6,
Rg6f6]}) 56. Ke4 Ke6 57. Nxh6 d5+ 58. Kd3 Nxh6 59. Rg6+ Kf5 60. Rxh6 c5 $14)
55... Nxh5 56. Rxh6 (56. Rgxd6 Rxd6 57. Rxd6 Rxa2 $11) 56... Nf6 57. Ng4 {
Weiß strebt ein Turmendspiel an. Ich bin der Meinung, daß es besser wäre, die
Springer auf dem Brett zu behalten.} (57. Nf5 $5 d5 58. Re2 $1 {[%csl Rf7]} (
58. Rg2 Rg8) 58... Rd7 (58... Ne4 59. Rxc6 $16) 59. Rg2 Rg8 60. Rxg8 Nxg8 61.
Rxc6 $16) 57... Nxg4 58. Kxg4 {[%csl Gf4,Rf7,Gg4,Gh6] Das Material ist
reduziert, aber Schwarz muß vorsichtig sein, denn Weiß entfaltet große
Aktivität.} b4 59. f5 (59. Rhxd6 $6 Rxd6 60. Rxd6 Rxa2 61. Rxc6 Rb2 $11 {
[%csl Rb3]}) 59... Rg8+ 60. Kf4 Rg1 $5 {[%csl Gg1] Es geht für Schwarz nicht
darum, seinen d-Bauern zu halten, sondern um aktives Spiel.} 61. Rdxd6 $16 (61.
Rhxd6 Rf1+ 62. Ke4 Re8+ 63. Kd4 Rxf5 $14) 61... Rf1+ 62. Ke4 (62. Ke5 Ra5+ {
[%csl Rf5]}) 62... Rxa2 63. Rd7+ (63. Rxc6 Re2+ 64. Kd3 Re8) 63... Kg8 64. Rxc6
Re2+ 65. Kd3 Re8 {Schwarz muß die Grundreihe verteidigen.} 66. Rg6+ Kf8 {
Weiß scheint gute Gewinnchancen zu besitzen, aber in Turmendspielen ist die
Remisbreite immer groß.} 67. Rf6+ Kg8 68. Rff7 (68. Kc4 Rf4+ 69. Kd5 $5 $16)
68... Rg1 69. f6 Rc8 $1 {[%csl Gb4,Gc8,Rd3,Gg1]} 70. Rh7 (70. Rc7 Rg3+ $11 71.
Kc4 $2 Rc3+ {[%cal Rc3c7]}) 70... Rd1+ 71. Ke2 (71. Ke4 Re1+ 72. Kf3 Rf1+ 73.
Ke2 Rxf6 74. Rdg7+ Kf8 75. Rb7 {[%cal Rh7h8]} Kg8 $11) 71... Rxd7 72. Rxd7 Rc3
{[%cal Rc3b3] Theoretisch steht Weiß noch immer besser, denn er hat einen
Mehrbauern, aber Schwarz kann jetzt Remis halten.} 73. Rd3 Rc2+ (73... Kf7 $2
74. Rxc3 bxc3 75. Kd3 Kxf6 76. Kxc3 Ke5 77. Kc4 $18) 74. Kd1 (74. Ke3 Kf7 $11 {
[%csl Rf6]}) 74... Rf2 75. Rd4 Kf7 $5 (75... Rxf6 76. Rxb4 Rf2 $11) 76. Rxb4
Kxf6 77. Re4 {[%cal Ge4e8]} Kf5 {Und in dieser theoretische Remisstellung
wurde Remis gegeben.  Die Beweglichkeit des weißen Königs ist beschränkt und
der schwarze König steht gut in der f-Linie.  Der Franzose Chéron analysierte
ein ähnliches Endspiel l955 (Weiß: Ka1, Rf1 und Pb3; Schwarz: Kg7, Rh2). Der
König war also noch eine Linie weiter abgeschnitten, aber das Ergebnis der
Studie war auch Remis.} (77... Kf5 78. Re8 (78. Re2 Rxe2 79. Kxe2 Ke4 80. Kd2
Kd4 $11) 78... Rb2 79. Re3 (79. Rb8 Ke5 $11) 79... Kf4 80. Kc1 $1 Rh2 (80...
Kxe3 $2 81. Kxb2 Kd4 82. Ka3 Kc5 83. Ka4 Kb6 84. Kb4 $18) 81. Re8 Kf5 $11 {
Und die Stellung ist theoretisch remis.}) 1/2-1/2

[Event "RUS-ch 56th"]
[Site "Krasnoyarsk"]
[Date "2003.09.11"]
[Round "8"]
[White "Sorokin, Maxim"]
[Black "Rublevsky, Sergei"]
[Result "1-0"]
[WhiteElo "2560"]
[BlackElo "2672"]
[Annotator "Ribli,Z"]
[PlyCount "127"]
[EventDate "2003.09.03"]
[EventType "swiss"]
[EventRounds "9"]
[EventCountry "RUS"]
[SourceTitle "CBM 098"]
[Source "ChessBase"]
[SourceDate "2004.02.03"]
[SourceVersion "1"]
[SourceVersionDate "2004.02.03"]
[SourceQuality "1"]

1. c4 e5 2. g3 Nf6 3. Bg2 d5 4. cxd5 Nxd5 5. Nf3 Nc6 6. O-O Nb6 {Diese
Variante wird besonders oft in der letzten Zeit gespielt. Wir sehen eigentlich
eine Drachenvariante der sizilianischen Verteidigung, aber mit vertauschten
Farben.} 7. b3 {Meiner Meinung nach ist dieser Zug weder besser, noch
schlechter, als die prinzipielle Fortsetzung 7.Nc3. Aber der große Vorteil des
Textzugs ist, dass Weiß die theoretischen Hauptvarianten vermeiden kann.} Bd6
8. Bb2 (8. Nc3 O-O 9. Bb2 Bg4 10. d4 Bxf3 11. Bxf3 exd4 12. Nb5 Be5 13. Rc1 Re8
14. Rxc6 bxc6 15. Bxc6 Rb8 16. Bxe8 Qxe8 17. Qd3 c6 18. Nxa7 Rb7 19. Bxd4 Bc7
20. Bxg7 Rxa7 21. Bd4 Ra5 {1/2-1/2 Hertneck,G-Timman,J/Germany 2001/CBM 82 ext
(34)}) 8... O-O (8... Qe7 9. d3 O-O 10. Nbd2 Bg4 11. a3 f5 12. Qc2 a5 13. Rfe1
Kh8 14. e3 Rae8 15. h3 Bh5 16. Nc4 Nxc4 17. Qxc4 e4 18. Nd2 Ne5 {0-1
Dizdarevic,E-Zelcic,R/Solin/Split 2000/CBM 81 (40)}) 9. d3 Bg4 (9... Qe7 10. a3
a5 11. Nbd2 f5 12. Qc2 Kh8 13. Rfe1 Bd7 14. e4 f4 15. d4 Bg4 16. d5 Nb8 17. Nh4
Qf6 18. h3 Bd7 19. Ndf3 {1/2-1/2 Stanec,N-Fogarasi,T/Oberwart AUT 2003/(51)})
10. Nbd2 {Der Unterschied zwischen 7.Nc3 und 7.b3 ist, dass Weiß seinen
Damenspringer elastischer auf d2 entwickeln kann.} Qd7 {Schwarz folgt die
gewöhnliche Strategie - er möchte mit 11...Bh3 den gegnerische "Drachenläufer"
tauschen.} 11. a3 (11. Rc1 Rae8 12. Ne4 Bh3 13. Nc5 Bxc5 14. Rxc5 Bxg2 15. Kxg2
f6 16. b4 Rf7 17. a3 Nd4 18. Bxd4 exd4 19. Qc2 Rfe7 20. Re1 {1-0 Kortschnoj,
V-Rublevsky,S/St Petersburg 2001/CBM 82 (35)}) (11. Re1 Bh3 12. Bh1) 11... Bh3
(11... a5 $11) 12. b4 Bxg2 13. Kxg2 a6 {Schwarz muss sich gegen 14.b5
verteidigen.} 14. Qb3 {[%csl Gb3][%cal Gb3g8]} Rae8 (14... Kh8) 15. e4 Kh8 16.
Nc4 $1 {[%mdl 32] Mit diesem Springerzug bereitet Weiss 17.Ne3 vor und im
Falle von 16...Nxc4 kann Weiß seine Bauernstellung wieder richten.} (16. d4
exd4 17. Nxd4 Nxd4 18. Bxd4 f5 $11) 16... Nxc4 (16... f5 17. Ne3 fxe4 18. dxe4
$14) 17. dxc4 $14 {Jetzt ist die Bauernstellung symmetrisch, aber die
schwarzen Leichtfiguren stehen nicht besonders gut. Schwarz muss immer mit
b4-b5, oder c4-c5 rechnen.} f5 (17... Qe6) 18. Rae1 Qe6 {[%cal Ge6b3]} 19. Qd3
Rd8 (19... f4 20. c5 Be7 21. Qd5 $14) 20. exf5 Rxf5 (20... Qxf5 $2 21. Qxf5
Rxf5 22. c5 $16) 21. Qe4 {[%csl Ge4,Re5][%cal Gb4b5,Gc4c5] Weiß hat die
bessere Bauernstruktur, weil der e5P isoliert ist. Es ist wahr, dass Schwarz
einige Aktivität am Königsflügel hat, aber Weiß kann sich dort leicht
verteidigen.} Rdf8 22. Nh4 R5f7 23. f4 $1 {[%cal Ge1e6] Mit diesem Zug befreit
sich Weiß vom schwarzen positionellen Druck auf der f-Linie.} Qh6 24. b5 axb5
25. cxb5 Nd4 26. Bxd4 exd4 27. Qxb7 Bxa3 (27... Bxf4 28. Qd5 Qd6 29. Qxd6 Bxd6
30. Rxf7 Rxf7 31. Re8+ (31. a4 $14) 31... Rf8 32. Rxf8+ Bxf8 33. a4 $16) 28.
Qd5 Qf6 29. Nf3 {[%csl Rd4][%cal Gf3e5,Gf3g5,Gf3d4]} Bb4 30. Re6 Qd8 31. Qxd8
Rxd8 32. Ne5 {[%csl Ge5][%cal Re5c6,Rc6d8,Rc6b4,Re5f7]} Rff8 33. Nc6 Rd6 34.
Rxd6 Bxd6 35. Nxd4 $16 {[%mdl 4096] Weiß hat einen Bauern mehr, aber die
Verwertung des Materialsvorteils ist nicht so leicht, weil das Material
reduziert ist.} Ra8 36. Rc1 g6 (36... Ra4 37. Nf5 $18) 37. Rc6 {Jetzt droht 38.
b6.} Ra4 38. Nc2 Kg7 39. Kf3 {[%csl Gf3]} (39. b6 Ra6 (39... cxb6 $2 40. Rxd6
Ra2 41. Rc6 $18) 40. b7 Rxc6 41. b8=Q Rxc2+ $14) 39... Ra2 (39... Kf6 $2 40. b6
Ra6 41. Nb4 (41. b7 Rxc6 42. b8=Q Rxc2 43. Qh8+ $18 {[%cal Rh8h7,Rh8f6]}) 41...
Rxb6 42. Nd5+ $18 {[%cal Rd5b6,Rd5f6]}) 40. Nd4 Rb2 (40... Rxh2 41. b6 $18) 41.
Ke4 {[%csl Gb5,Gc6,Gd4,Ge4][%cal Ge4d5] Die weißen Figuren sind gut
zentralisiert, weil der d6B zur Verteidigung des c7-Bauern gefesselt ist.} Kf7
42. Kd5 Ke8 (42... Ke7 43. Rc2 Rb1 44. Kc6 $16) 43. Ke6 {[%csl Ge6]} (43. b6
Kd7 44. bxc7 Bxc7 $14) 43... Rb1 (43... Rd2 44. Ra6 Kf8 45. Nc6 $18) 44. b6
Re1+ 45. Kf6 Kd7 46. bxc7 Bxc7 47. Re6 Bd8+ 48. Kf7 Rf1 (48... Rxe6 49. Nxe6
$18 {[%csl Ge6,Gf7][%cal Re6f8,Rf8h7]}) 49. Re3 Rf2 50. Rd3 {[%cal Rd3d8,Rd4e6,
Re6d8] Droht 51.Ne6+ mit Figurengewinn.} Kc8 51. Rc3+ Kd7 52. Ne6 Ba5 53. Rd3+
Kc6 54. h3 Kb5 55. Kg7 Re2 56. Rd5+ Kb6 57. Rd6+ Kb7 58. Kxh7 $18 {Weiß hat
schon zwei Bauern mehr und eine Gewinnstellung.} Bb4 59. Rd4 Be1 60. Nc5+ Kc6
61. Ne4 Re3 62. Kxg6 Bxg3 63. Nxg3 Rxg3+ 64. Kf6 {Weiß gewinnt leicht - der
schwarze König ist isoliert.} (64. Kf6 Rxh3 65. f5 $18) 1-0